[Event "FICS rated blitz game"]
[Site "FICS freechess.org"]
[Date "2018.01.25"]
[Round "?"]
[White "proximab"]
[Black "ikey"]
[Result "1-0"]
[WhiteElo "2055"]
[BlackElo "1881"]
[PlyCount "95"]
[EventDate "2018.??.??"]
[EventType "blitz"]

1. e4 e5 2. Nf3 Nc6 3. c3 Nf6 4. d4 Nxe4 5. d5 Ne7 6. Nxe5 Ng6 7. Nxg6 hxg6 8.
Bd3 Qh4 9. Qe2 f5 10. Nd2 Bd6 11. Nxe4 fxe4 12. g3 Qf6 13. Qxe4+ Kf7 14. O-O b6
15. Be3 Bb7 16. Bd4 Qg5 17. Qf3+ Kg8 18. Be4 Rf8 19. Be3 Qe5 20. Bd4 Qg5 21.
Be3 Qe5 22. Qg2 Qf6 23. Bd4 Qg5 24. f4 Qh5 25. Bf3 Qf5 26. Be4 Qh5 27. Rad1 g5
28. fxg5 Rxf1+ 29. Rxf1 Qxg5 30. Qf3 Qe7 31. Qf5 Rh6 32. Rf2 c6 33. c4 cxd5 34.
cxd5 Bc5 35. Bxc5 bxc5 36. b3 a5 37. g4 d6 38. g5 Rh4 39. Bd3 Qe1+ 40. Rf1 Qe3+
41. Rf2 Qe8 42. a3 Bc8 43. Qf3 Rg4+ 44. Kh1 Rxg5 45. Qf4 Re5 46. Qh4 Re1+ 47.
Kg2 Qg6+ 48. Bxg6 {Black resigns} 1-0

[Event "FICS rated standard game"]
[Site "FICS freechess.org"]
[Date "2018.01.25"]
[Round "?"]
[White "louarn"]
[Black "fedand"]
[Result "0-1"]
[WhiteElo "1392"]
[BlackElo "1456"]
[PlyCount "142"]
[EventDate "2018.??.??"]

1. e4 e5 2. Nf3 Nc6 3. c3 Nf6 4. d3 Bc5 5. Be2 O-O 6. O-O d5 7. exd5 Nxd5 8. c4
Nb6 9. Bg5 Qd6 10. Be3 Bxe3 11. fxe3 Qg6 12. Nc3 Bh3 13. Nh4 Qg5 14. Qe1 Qxe3+
15. Kh1 g5 16. gxh3 gxh4 17. Rg1+ Kh8 18. Qxh4 f6 19. Raf1 Nd7 20. Nd5 Qxe2 21.
Nxf6 Nxf6 22. Rxf6 Nd4 23. Rh6 Qf3+ 24. Rg2 Qf1+ 25. Rg1 Qf3+ 26. Rg2 Qf7 27.
Rxh7+ Qxh7 28. Qe1 Rg8 29. Qxe5+ Rg7 30. Qxd4 Rf8 31. Kg1 Kg8 32. Qd5+ Rff7 33.
Qd8+ Rf8 34. Qd5+ Kh8 35. Qd4 Qf5 36. Qh4+ Kg8 37. Rxg7+ Kxg7 38. Qg4+ Qxg4+
39. hxg4 Rf3 40. Kg2 Rxd3 41. h3 Rd2+ 42. Kf3 Rxb2 43. Kf4 Rxa2 44. h4 Ra4 45.
Kf5 Rxc4 46. h5 a5 47. g5 a4 48. h6+ Kh7 49. Kf6 a3 50. Kf7 a2 51. Kf8 a1=Q 52.
g6+ Kxh6 53. g7 Qxg7+ 54. Ke8 Re4+ 55. Kd8 Qe7+ 56. Kc8 Qe8+ 57. Kxc7 Qe7+ 58.
Kb8 Rb4 59. Ka7 b6+ 60. Ka6 Ra4+ 61. Kb5 Ra5+ 62. Kc6 Qe6+ 63. Kb7 Qd7+ 64. Kb8
Qa7+ 65. Kc8 Rc5+ 66. Kd8 Rd5+ 67. Ke8 Qa8+ 68. Ke7 Qb7+ 69. Ke6 Qc6+ 70. Ke7
Rd7+ 71. Kf8 Qc8# {White checkmated} 0-1

[Event "FICS rated blitz game"]
[Site "FICS freechess.org"]
[Date "2018.01.25"]
[Round "?"]
[White "skrepper"]
[Black "pnpzs"]
[Result "0-1"]
[WhiteElo "1497"]
[BlackElo "1511"]
[PlyCount "62"]
[EventDate "2018.??.??"]
[EventType "blitz"]

1. e4 e5 2. Nf3 Nc6 3. c3 Nf6 4. d3 d6 5. Be2 Bg4 6. O-O Be7 7. Be3 O-O 8. Nbd2
d5 9. exd5 Nxd5 10. Nc4 Bf6 11. Bc5 Re8 12. h3 Be6 13. Nh2 b6 14. Ba3 Nf4 15.
Qc2 Nxe2+ 16. Qxe2 Bxc4 17. dxc4 Be7 18. Bxe7 Qxe7 19. Nf3 f6 20. Rfe1 Rad8 21.
b4 a5 22. b5 Na7 23. Nd4 Qc5 24. Nf5 Nc8 25. Qg4 Qf8 26. h4 Nd6 27. Nh6+ Kh8
28. Nf5 Qf7 29. Ne3 f5 30. Qg5 h6 31. Qg3 f4 0-1

[Event "FICS rated blitz game"]
[Site "FICS freechess.org"]
[Date "2018.01.25"]
[Round "?"]
[White "RADACK"]
[Black "fifthavenue"]
[Result "1-0"]
[WhiteElo "1547"]
[BlackElo "1454"]
[PlyCount "43"]
[EventDate "2018.??.??"]
[EventType "blitz"]

1. e4 e5 2. Nf3 Nc6 3. c3 Nf6 4. Qc2 Bc5 5. b4 Be7 6. b5 Nb8 7. Nxe5 d6 8. Nf3
O-O 9. d4 Bg4 10. Be2 Nbd7 11. Be3 Bxf3 12. Bxf3 c6 13. a4 c5 14. O-O cxd4 15.
cxd4 Rc8 16. Qd3 Nb6 17. Nd2 h6 18. a5 Nbd7 19. e5 dxe5 20. dxe5 Nh7 21. Bxb7
Nc5 22. Qxd8 {Black resigns} 1-0

[Event "FICS rated standard game"]
[Site "FICS freechess.org"]
[Date "2018.01.25"]
[Round "?"]
[White "FyFazan"]
[Black "mosia"]
[Result "0-1"]
[WhiteElo "1635"]
[BlackElo "1624"]
[PlyCount "58"]
[EventDate "2018.??.??"]

1. e4 e5 2. Nf3 Nc6 3. c3 Nf6 4. d3 Bc5 5. Be2 O-O 6. O-O d6 7. Bg5 h6 8. Bh4
Bg4 9. h3 Bh5 10. d4 exd4 11. Nxd4 Bxe2 12. Nxe2 Ne5 13. b4 Bb6 14. Nf4 g5 15.
Bxg5 hxg5 16. Nd5 Nxe4 17. Nxb6 axb6 18. Qd5 Nf6 19. Qxb7 Kg7 20. f4 gxf4 21.
Rxf4 Rh8 22. Nd2 Qe7 23. Raf1 Rxa2 24. Nf3 Nd3 25. Rf5 Qe3+ 26. Kh1 Nf2+ 27.
Kh2 Nxh3 28. Re1 Nf4+ 29. Kg3 Rxg2# {White checkmated} 0-1

[Event "FICS rated blitz game"]
[Site "FICS freechess.org"]
[Date "2018.01.25"]
[Round "?"]
[White "arju"]
[Black "Thesevs"]
[Result "0-1"]
[WhiteElo "1682"]
[BlackElo "1863"]
[PlyCount "42"]
[EventDate "2018.??.??"]
[EventType "blitz"]

1. e4 e5 2. Nf3 Nc6 3. c3 Bc5 4. d4 exd4 5. cxd4 Bb6 6. d5 Nce7 7. Nc3 d6 8. h3
Ng6 9. Be3 Nf6 10. Bxb6 axb6 11. a3 O-O 12. Bd3 Nh5 13. Ne2 Nhf4 14. Nxf4 Nxf4
15. Bf1 f5 16. g3 fxe4 17. Nd4 Nxd5 18. Bc4 c6 19. Ne2 Be6 20. Nf4 Nxf4 21.
gxf4 Bxc4 {White resigns} 0-1

[Event "FICS rated blitz game"]
[Site "FICS freechess.org"]
[Date "2018.01.25"]
[Round "?"]
[White "Sincerias"]
[Black "churningpigskin"]
[Result "1-0"]
[WhiteElo "1234"]
[BlackElo "1362"]
[PlyCount "37"]
[EventDate "2018.??.??"]
[EventType "blitz"]

1. e4 e5 2. Nf3 Nc6 3. c3 d6 4. d4 Bg4 5. d5 Bxf3 6. Qxf3 Nce7 7. Bb5+ c6 8.
dxc6 bxc6 9. Ba4 Ng6 10. Bxc6+ Ke7 11. Bxa8 Qxa8 12. Bg5+ Nf6 13. Bxf6+ gxf6
14. Nd2 Bh6 15. Nc4 Rb8 16. Qd3 Qc6 17. O-O Nf4 18. Na5 Qb6 19. Qc4 1-0

[Event "FICS rated blitz game"]
[Site "FICS freechess.org"]
[Date "2018.01.25"]
[Round "?"]
[White "DroukLazher"]
[Black "racher"]
[Result "1-0"]
[WhiteElo "1419"]
[BlackElo "1510"]
[PlyCount "39"]
[EventDate "2018.??.??"]
[EventType "blitz"]

1. e4 e5 2. Nf3 Nc6 3. c3 Nf6 4. Bc4 Bc5 5. b4 Bb6 6. O-O O-O 7. a4 a6 8. a5
Ba7 9. Ba3 Re8 10. Qb3 Re7 11. Qa2 d6 12. b5 axb5 13. Bxb5 Nb8 14. d4 exd4 15.
e5 Nc6 16. exf6 gxf6 17. Bxc6 bxc6 18. Nxd4 c5 19. Nc6 Re2 20. Qxe2 {Black
resigns} 1-0

[Event "FICS rated blitz game"]
[Site "FICS freechess.org"]
[Date "2018.01.25"]
[Round "?"]
[White "BiH"]
[Black "frac"]
[Result "0-1"]
[WhiteElo "1610"]
[BlackElo "1635"]
[PlyCount "46"]
[EventDate "2018.??.??"]
[EventType "blitz"]

1. e4 e5 2. Nf3 Nc6 3. c3 d5 4. Qa4 dxe4 5. Nxe5 Bd7 6. Nxd7 Qxd7 7. Qxe4+ Be7
8. d4 Nf6 9. Qf3 O-O 10. Bb5 Rfe8 11. O-O a6 12. Bxc6 bxc6 13. Be3 Bd6 14. h3
Rab8 15. b3 Rb5 16. Nd2 Rf5 17. Qe2 Nd5 18. c4 Nf4 19. Qg4 h5 20. Qd1 Rg5 21.
Bxf4 Bxf4 22. Nf3 Qxh3 23. Nxg5 Qh2# {White checkmated} 0-1

[Event "FICS rated blitz game"]
[Site "FICS freechess.org"]
[Date "2018.01.25"]
[Round "?"]
[White "lailasbar"]
[Black "ImgonnaMateYou"]
[Result "1-0"]
[WhiteElo "1477"]
[BlackElo "1398"]
[PlyCount "115"]
[EventDate "2018.??.??"]
[EventType "blitz"]

1. e4 e5 2. Nf3 Nc6 3. c3 h6 4. d4 exd4 5. cxd4 d6 6. d5 Nb8 7. Nc3 a6 8. Bd3
g6 9. Be3 Bg7 10. Qd2 Ne7 11. Ng1 Nd7 12. f3 Ne5 13. Be2 b5 14. a3 Nc4 15. Bxc4
bxc4 16. Bd4 f6 17. Qd1 c5 18. Bf2 Qb6 19. Rb1 Qb3 20. Nge2 f5 21. O-O fxe4 22.
fxe4 O-O 23. Bg3 Rxf1+ 24. Qxf1 Qb6 25. Nf4 Bd7 26. Qxc4 Bb5 27. Nxb5 axb5 28.
Qe2 Bd4+ 29. Bf2 Bxf2+ 30. Qxf2 Rf8 31. Qe3 g5 32. Ne6 Rf6 33. Kh1 Ng6 34. Qe2
Nf4 35. Qg4 Nxe6 36. dxe6 Qd8 37. Re1 Qe7 38. Qe2 Rxe6 39. Qxb5 Rxe4 40. Qb3+
Kg7 41. Qc3+ Kg8 42. Rg1 d5 43. Qd3 Qe5 44. b4 cxb4 45. axb4 Re1 46. Qg6+ Kf8
47. Qxh6+ Ke8 48. Qc6+ Kf8 49. Qc5+ Kg7 50. b5 Rxg1+ 51. Qxg1 d4 52. Qb1 Qd5
53. b6 d3 54. b7 d2 55. Qd1 Qxb7 56. h3 Qd5 57. Kh2 Kh6 58. g4 1-0

[Event "FICS unrated lightning game"]
[Site "FICS freechess.org"]
[Date "2018.01.25"]
[Round "?"]
[White "BayouOn"]
[Black "RENGANATHAN"]
[Result "1-0"]
[WhiteElo "1386"]
[BlackElo "1397"]
[PlyCount "55"]
[EventDate "2018.??.??"]

1. e4 e5 2. Nf3 Nc6 3. c3 Bc5 4. d4 exd4 5. cxd4 Bb4+ 6. Nc3 Bxc3+ 7. bxc3 d5
8. e5 Bg4 9. Bb5 Bxf3 10. Qxf3 Qe7 11. O-O f6 12. Re1 fxe5 13. Rxe5 Kd8 14.
Rxe7 Kxe7 15. Qxd5 Nf6 16. Qc5+ Kf7 17. Bc4+ Ke8 18. Ba3 Rd8 19. Re1+ Kd7 20.
Be6+ Ke8 21. Bc8+ Kf7 22. Bxb7 Rd5 23. Qxc6 Rd6 24. Qxc7+ Rd7 25. Bd5+ Kg6 26.
Qg3+ Kh6 27. Bc1+ Kh5 28. Qg5# {Black checkmated} 1-0

[Event "FICS rated standard game"]
[Site "FICS freechess.org"]
[Date "2018.01.25"]
[Round "?"]
[White "PickleRick"]
[Black "TheRealNess"]
[Result "0-1"]
[WhiteElo "1684"]
[BlackElo "1586"]
[PlyCount "36"]
[EventDate "2018.??.??"]

1. e4 e5 2. Nf3 Nc6 3. c3 d6 4. Bb5 Nf6 5. d3 Be7 6. Bxc6+ bxc6 7. h3 c5 8. g4
Bb7 9. g5 Nd7 10. h4 d5 11. exd5 Bxd5 12. Nbd2 g6 13. c4 Bc6 14. Nf1 O-O 15.
Ng3 f6 16. h5 fxg5 17. hxg6 Bxf3 18. gxh7+ Kh8 {White resigns} 0-1

[Event "FICS rated blitz game"]
[Site "FICS freechess.org"]
[Date "2018.01.25"]
[Round "?"]
[White "igor"]
[Black "lowmiles"]
[Result "0-1"]
[WhiteElo "1665"]
[BlackElo "1610"]
[PlyCount "60"]
[EventDate "2018.??.??"]
[EventType "blitz"]

1. e4 e5 2. Nf3 Nc6 3. c3 Bc5 4. d3 d6 5. h3 h6 6. Be2 g5 7. O-O Nge7 8. g4 Ng6
9. Kg2 Bd7 10. Be3 Bb6 11. b4 Qc8 12. Nh2 Nf4+ 13. Bxf4 exf4 14. f3 h5 15. b5
Ne5 16. d4 hxg4 17. dxe5 gxf3+ 18. Rxf3 Bxh3+ 19. Kh1 g4 20. Rxf4 g3 21. Bf3
dxe5 22. Rf6 gxh2 23. Qd5 Be6 24. Qxe5 Qd7 25. Na3 O-O-O 26. Qf4 Qd3 27. Rc1
Be3 28. Qxh2 Rxh2+ 29. Kxh2 Bxc1 30. e5 Bxa3 {White resigns} 0-1

[Event "FICS rated blitz game"]
[Site "FICS freechess.org"]
[Date "2018.01.25"]
[Round "?"]
[White "BiH"]
[Black "frac"]
[Result "1-0"]
[WhiteElo "1609"]
[BlackElo "1636"]
[PlyCount "41"]
[EventDate "2018.??.??"]
[EventType "blitz"]

1. e4 e5 2. Nf3 Nc6 3. c3 d5 4. Qa4 Bd7 5. exd5 Nd4 6. Qd1 Nxf3+ 7. Qxf3 Bd6 8.
Bc4 Qf6 9. Qe2 Ne7 10. b4 O-O 11. O-O Ng6 12. g3 Bh3 13. Re1 Nh4 14. Rd1 Nf3+
15. Kh1 Bg4 16. Qf1 Qh6 17. Qg2 Qh5 18. h4 Nxh4 19. Qh2 Bf3+ 20. Kg1 Bxd1 21.
Qxh4 1-0

[Event "FICS rated blitz game"]
[Site "FICS freechess.org"]
[Date "2018.01.25"]
[Round "?"]
[White "lydgate"]
[Black "LTVT"]
[Result "0-1"]
[WhiteElo "1316"]
[BlackElo "1292"]
[PlyCount "70"]
[EventDate "2018.??.??"]
[EventType "blitz"]

1. e4 e5 2. Nf3 Nc6 3. c3 Be7 4. d4 d6 5. Bc4 Nf6 6. h3 O-O 7. Qe2 Bd7 8. Nbd2
a6 9. a4 b6 10. Bxa6 Na5 11. Bd3 c5 12. O-O Rc8 13. b4 cxb4 14. cxb4 Nc6 15.
dxe5 Nxe5 16. Nxe5 dxe5 17. b5 Bc5 18. Nc4 Bd4 19. Bb2 Re8 20. Ne3 Be6 21. Rfd1
Qc7 22. Rac1 Qb7 23. Bc4 Nxe4 24. Bxd4 exd4 25. Rxd4 Nc5 26. Bxe6 Rxe6 27. Qc4
Rce8 28. Nf5 Qc7 29. g3 h6 30. Rg4 Qc8 31. Qd4 Re5 32. Nxh6+ Kh7 33. Nxf7 Re1+
34. Rxe1 Rxe1+ 35. Kg2 Qb7+ 0-1

[Event "FICS rated blitz game"]
[Site "FICS freechess.org"]
[Date "2018.01.25"]
[Round "?"]
[White "Uddo"]
[Black "Rquevedo"]
[Result "0-1"]
[WhiteElo "1466"]
[BlackElo "1513"]
[PlyCount "92"]
[EventDate "2018.??.??"]
[EventType "blitz"]

1. e4 Nc6 2. Nf3 e5 3. c3 Nf6 4. d4 exd4 5. e5 Nd5 6. cxd4 Bb4+ 7. Nbd2 d6 8.
exd6 Bxd6 9. Bc4 Be6 10. O-O Qd7 11. Re1 O-O-O 12. Be2 Rde8 13. Ne4 Bb4 14. Rf1
h6 15. a3 Ba5 16. Nc5 Qe7 17. b4 Bb6 18. Qa4 Bg4 19. Bb5 Nc3 20. Qd1 Nxd1 21.
Rxd1 Bxf3 22. gxf3 Bxc5 23. bxc5 a6 24. Bxc6 bxc6 25. Be3 Qg5+ 26. Kh1 Qf5 27.
Rab1 Qxf3+ 28. Kg1 Rxe3 29. fxe3 Qxe3+ 30. Kg2 g5 31. Ra1 f5 32. Ra2 f4 33.
Rad2 g4 34. Rd3 f3+ 35. Kg3 Qg5 36. d5 cxd5 37. Rxd5 Qg6 38. a4 h5 39. Kh4 Qf6+
40. Kg3 Qg6 41. Kh4 Re8 42. R1d2 Re1 43. Rd8+ Kb7 44. Rb2+ Kc6 45. a5 Rh1 46.
Rdb8 Rc1 0-1

[Event "FICS rated blitz game"]
[Site "FICS freechess.org"]
[Date "2018.01.25"]
[Round "?"]
[White "montanya"]
[Black "ldes"]
[Result "1-0"]
[WhiteElo "1429"]
[BlackElo "1358"]
[PlyCount "97"]
[EventDate "2018.??.??"]
[EventType "blitz"]

1. e4 e5 2. Nf3 Nc6 3. c3 d6 4. d4 exd4 5. cxd4 Bg4 6. d5 Ne5 7. Be2 Qf6 8. Bg5
Bxf3 9. Bxf6 Bxe2 10. Qxe2 Nxf6 11. f3 Be7 12. Qb5+ c6 13. Qxb7 O-O 14. b3 Rae8
15. dxc6 Nd3+ 16. Kd2 Nc5 17. Qxa7 Rc8 18. Qxe7 Rxc6 19. Rc1 Re8 20. Qa7 Nh5
21. b4 Nxe4+ 22. fxe4 Rxc1 23. Kxc1 h6 24. Nc3 Nf4 25. g3 Ng2 26. Qd7 Re6 27.
b5 Ne1 28. Kd2 Nf3+ 29. Ke3 Nxh2 30. Kd4 Nf3+ 31. Ke3 Ne5 32. Qd8+ Kh7 33. a4
Nc4+ 34. Kd4 Nd2 35. Ra3 Nf3+ 36. Kd5 Re5+ 37. Kxd6 Rg5 38. Qxg5 Nxg5 39. b6
Ne6 40. b7 Nd4 41. b8=Q Nc2 42. Rb3 Na1 43. Rb2 Kg6 44. a5 f5 45. a6 fxe4 46.
Nxe4 Kf5 47. Kd5 g5 48. a7 Kg4 49. a8=Q 1-0

[Event "FICS rated standard game"]
[Site "FICS freechess.org"]
[Date "2018.01.25"]
[Round "?"]
[White "koadjao"]
[Black "hecklepeckle"]
[Result "0-1"]
[WhiteElo "1673"]
[BlackElo "1745"]
[PlyCount "72"]
[EventDate "2018.??.??"]

1. e4 e5 2. Nf3 Nc6 3. c3 d6 4. d4 Bd7 5. d5 Nce7 6. Bg5 f6 7. Be3 Ng6 8. h3 a6
9. Bd3 N8e7 10. Nbd2 h6 11. Qc2 Nc8 12. O-O-O Be7 13. g4 Nf4 14. Bxf4 exf4 15.
c4 Nb6 16. Nb3 Ba4 17. Nfd4 Bd7 18. f3 Na4 19. Ne6 Bxe6 20. dxe6 Qc8 21. Nd4
Nc5 22. Nf5 Nxe6 23. Qa4+ Kf7 24. h4 g6 25. Nxe7 Kxe7 26. Qb4 Nc5 27. Rhe1 Kf7
28. Bc2 Re8 29. Qc3 Nd7 30. Bb3 Ne5 31. c5+ Kg7 32. cxd6 cxd6 33. Rxd6 Qxc3+
34. bxc3 Nxf3 35. Rd7+ Kh8 36. Rxb7 Nxe1 0-1

[Event "FICS rated blitz game"]
[Site "FICS freechess.org"]
[Date "2018.01.25"]
[Round "?"]
[White "Tensecterror"]
[Black "Cibola"]
[Result "1-0"]
[WhiteElo "1308"]
[BlackElo "1309"]
[PlyCount "95"]
[EventDate "2018.??.??"]
[EventType "blitz"]

1. e4 e5 2. Nf3 Nc6 3. c3 Bc5 4. d4 exd4 5. cxd4 Bb4+ 6. Bd2 d6 7. d5 Bxd2+ 8.
Nbxd2 Ne5 9. Bb5+ Bd7 10. Bxd7+ Qxd7 11. O-O Nf6 12. Re1 O-O 13. Nb3 h6 14. Rc1
b5 15. Rc3 Nc4 16. Qe2 a5 17. Rec1 a4 18. Nbd4 Rab8 19. b3 Rbc8 20. bxc4 bxc4
21. Rxc4 Rfe8 22. Nc6 Ra8 23. Qb2 Ra6 24. Qa3 Rb6 25. Qxa4 Ng4 26. h3 Ne5 27.
R4c3 Nxf3+ 28. Rxf3 Rb7 29. Re1 Rb6 30. Qc2 Ra6 31. a4 Rea8 32. Ra1 Qe8 33. Re3
Qc8 34. Ne7+ Kf8 35. Nxc8 Rxc8 36. Qc4 Raa8 37. a5 Ra7 38. a6 Re8 39. Qc6 Re7
40. Rb1 Kg8 41. Rb8+ Kh7 42. f3 h5 43. Reb3 g6 44. R3b7 Rxb7 45. axb7 Kg7 46.
Rc8 g5 47. Rxc7 Re8 48. Qxd6 1-0

[Event "FICS rated standard game"]
[Site "FICS freechess.org"]
[Date "2018.01.25"]
[Round "?"]
[White "CarveItUp"]
[Black "RUPESHDAFTARY"]
[Result "0-1"]
[WhiteElo "1702"]
[BlackElo "1671"]
[PlyCount "144"]
[EventDate "2018.??.??"]

1. e4 e5 2. Nf3 Nc6 3. c3 Nf6 4. Qc2 d6 5. h3 a6 6. d4 exd4 7. cxd4 Qe7 8. Nc3
h6 9. Be2 g6 10. O-O Bg7 11. a3 O-O 12. Re1 Qd8 13. Be3 d5 14. e5 Nd7 15. Qd2
Nb6 16. Bxh6 Bf5 17. Bxg7 Kxg7 18. b4 f6 19. Bf1 Re8 20. exf6+ Qxf6 21. Qf4 Qd6
22. Qxd6 cxd6 23. b5 axb5 24. Nxb5 Red8 25. Ng5 Kf6 26. Ne6 Bxe6 27. Re3 Bf5
28. Rae1 Ra5 29. Nc3 Nxd4 30. g4 Nc2 31. Re8 Rxe8 32. Rxe8 Bd7 33. Rd8 Ra8 34.
Nxd5+ Ke5 35. Rxa8 Nxa8 36. Bg2 Bc6 37. Ne7 Bxg2 38. Kxg2 Kf6 39. Nd5+ Ke5 40.
Ne7 Nxa3 41. Nxg6+ Kf6 42. Nf4 b5 43. h4 b4 44. Nd5+ Ke5 45. Nxb4 Kf4 46. f3
Nb6 47. Nd3+ Ke3 48. Nf4 Kxf4 49. g5 Nd7 50. g6 Nf6 51. g7 Kf5 52. h5 Kg5 53.
Kg3 Kxh5 54. Kf4 Kg6 55. g8=Q+ Nxg8 56. Ke4 Nf6+ 57. Kd4 Nc2+ 58. Kd3 Ne1+ 59.
Ke3 Nxf3 60. Kxf3 Kf5 61. Ke3 Ke5 62. Kd3 d5 63. Ke3 d4+ 64. Kd3 Ng4 65. Kd2
Ke4 66. Ke2 d3+ 67. Kd2 Nf2 68. Ke1 Ke3 69. Kf1 d2 70. Kg2 d1=Q 71. Kg3 Qf3+
72. Kh4 Qg4# {White checkmated} 0-1

[Event "FICS rated blitz game"]
[Site "FICS freechess.org"]
[Date "2018.01.25"]
[Round "?"]
[White "willowblackwill"]
[Black "Arcetri"]
[Result "0-1"]
[WhiteElo "1305"]
[BlackElo "1366"]
[PlyCount "90"]
[EventDate "2018.??.??"]
[EventType "blitz"]

1. e4 e5 2. Nf3 Nc6 3. c3 d6 4. h3 Nf6 5. d3 Be7 6. g4 O-O 7. g5 Nh5 8. h4 Bg4
9. Be2 Qd7 10. Nh2 Bxe2 11. Qxe2 Nf4 12. Bxf4 exf4 13. Qf3 Ne5 14. Qe2 Qb5 15.
c4 Qb4+ 16. Nc3 a6 17. a3 Qb3 18. Rb1 b5 19. Nf3 bxc4 20. Nxe5 dxe5 21. dxc4
Bxa3 22. O-O Bc5 23. Kg2 Bd4 24. f3 c5 25. Nd5 Qb7 26. Rh1 Rab8 27. b3 Qd7 28.
h5 a5 29. Qe1 Qd8 30. Qh4 Rb7 31. Qg4 Qd7 32. Qh4 Rfb8 33. g6 fxg6 34. hxg6 h6
35. Rh2 Rxb3 36. Rbh1 Rb2+ 37. Kf1 Rb1+ 38. Ke2 R8b2+ 39. Kd3 Rb3+ 40. Kc2 Rxh1
41. Rxh1 Rc3+ 42. Kd2 Rxf3 43. Ne7+ Kh8 44. Qg5 Be3+ 45. Ke2 Qd2+ 0-1

[Event "FICS rated blitz game"]
[Site "FICS freechess.org"]
[Date "2018.01.25"]
[Round "?"]
[White "AFRF"]
[Black "zaaleem"]
[Result "1-0"]
[WhiteElo "1366"]
[BlackElo "1366"]
[PlyCount "61"]
[EventDate "2018.??.??"]
[EventType "blitz"]

1. e4 e5 2. Nf3 Nc6 3. c3 Nf6 4. d3 d5 5. Bg5 dxe4 6. Bxf6 Qxf6 7. dxe4 Bg4 8.
Be2 Bd6 9. Qb3 O-O 10. Qxb7 Na5 11. Qd5 Rab8 12. Qxa5 Rxb2 13. Na3 Qf4 14. Nc4
Rbb8 15. Nxd6 cxd6 16. Qd5 Rb2 17. Qd3 Rfb8 18. O-O Bxf3 19. Qxf3 Rd2 20. Qxf4
exf4 21. Rfe1 Rbb2 22. Kf1 f3 23. gxf3 Kf8 24. a4 Ke7 25. Rab1 Rbc2 26. Rb7+
Kf6 27. Rxa7 Ra2 28. a5 Kg6 29. a6 Kh6 30. Rxf7 Rxa6 31. Bxa6 {Black resigns}
1-0

[Event "FICS rated blitz game"]
[Site "FICS freechess.org"]
[Date "2018.01.25"]
[Round "?"]
[White "Flyinghooves"]
[Black "kpt"]
[Result "0-1"]
[WhiteElo "1120"]
[BlackElo "1246"]
[PlyCount "54"]
[EventDate "2018.??.??"]
[EventType "blitz"]

1. e4 e5 2. Nf3 Nc6 3. c3 Bc5 4. Bc4 Nf6 5. Qb3 O-O 6. Ng5 Qe7 7. d4 Bb6 8. Bb5
h6 9. Bxc6 bxc6 10. dxe5 Qxe5 11. f4 Qc5 12. Nf3 Qf2+ 13. Kd1 Nxe4 14. Nbd2
Nxd2 15. Bxd2 Qxg2 16. Kc2 Qxf3 17. Raf1 Qe4+ 18. Kc1 d6 19. Re1 Qf5 20. c4 Be6
21. h4 Rab8 22. Qc3 Rfe8 23. Rh2 Bd7 24. Rg2 Rxe1+ 25. Bxe1 Qxf4+ 26. Kb1 f6
27. Bd2 Qf1+ {White resigns} 0-1

[Event "FICS rated blitz game"]
[Site "FICS freechess.org"]
[Date "2018.01.25"]
[Round "?"]
[White "gmarius"]
[Black "HijodeDios"]
[Result "1-0"]
[WhiteElo "1221"]
[BlackElo "1269"]
[PlyCount "55"]
[EventDate "2018.??.??"]
[EventType "blitz"]

1. e4 e5 2. Nf3 Nc6 3. c3 Nf6 4. d3 Bc5 5. h3 d5 6. Qc2 Bb6 7. Be2 O-O 8. O-O
h6 9. b3 a5 10. Bb2 Qe7 11. Nbd2 dxe4 12. Nxe4 Nxe4 13. dxe4 f5 14. exf5 Bxf5
15. Bc4+ Kh8 16. Qe2 e4 17. Nd4 Nxd4 18. cxd4 Qg5 19. g4 h5 20. Kh2 hxg4 21.
Rg1 Qf4+ 22. Rg3 gxh3 23. Qh5+ Qh6 24. Qxh6+ gxh6 25. d5+ Kh7 26. Rg7+ Kh8 27.
Rxc7+ Kg8 28. Rg1+ {Black resigns} 1-0

[Event "FICS rated blitz game"]
[Site "FICS freechess.org"]
[Date "2018.01.25"]
[Round "?"]
[White "morts"]
[Black "abrutix"]
[Result "0-1"]
[WhiteElo "1180"]
[BlackElo "1150"]
[PlyCount "124"]
[EventDate "2018.??.??"]
[EventType "blitz"]

1. e4 e5 2. Nf3 Nc6 3. c3 d6 4. d3 Nf6 5. g3 Be7 6. Bg2 O-O 7. Nbd2 Be6 8. O-O
a6 9. c4 Nd4 10. Nxd4 exd4 11. Nf3 c5 12. a3 b6 13. e5 dxe5 14. Nxe5 Bd6 15.
Bxa8 Bxe5 16. Bg2 Bg4 17. f3 Bh5 18. Qa4 a5 19. b4 Nd7 20. bxc5 bxc5 21. h4
Bxg3 22. Bg5 Qe8 23. Qxa5 Qe2 24. Qd2 Qe5 25. Bf4 Bxf4 26. Qc2 Be3+ 27. Kh1 Qg3
28. a4 Qxh4+ 29. Bh3 Qg3 30. Bg4 Qh4+ 31. Qh2 Qg5 32. Qxh5 Nf6 33. Qxg5 Bxg5
34. Bh3 Re8 35. Bg2 Nh5 36. a5 Ng3+ 37. Kh2 Bf4 38. Kg1 Ne2+ 39. Kh1 Ng3+ 40.
Kg1 Ra8 41. a6 Ne2+ 42. Kh1 Ng3+ 43. Kg1 Nxf1 44. Kxf1 g5 45. Bh3 h5 46. Bd7
Be3 47. Bc6 Ra7 48. Rb1 Rxa6 49. Kg2 Kg7 50. Be4 Ra2+ 51. Kg3 h4+ 52. Kg4 f6
53. Rb7+ Kf8 54. Rb6 Ke7 55. Bf5 Rg2+ 56. Kh5 Rg3 57. Re6+ Kf7 58. Rc6 Rxf3 59.
Bg4 Rf4 60. Rxc5 Bf2 61. Rd5 h3 62. Bxh3 Rh4# {White checkmated} 0-1

[Event "FICS rated blitz game"]
[Site "FICS freechess.org"]
[Date "2018.01.25"]
[Round "?"]
[White "fabiuscu"]
[Black "STROBOCHESS"]
[Result "0-1"]
[WhiteElo "1050"]
[BlackElo "1618"]
[PlyCount "90"]
[EventDate "2018.??.??"]
[EventType "blitz"]

1. e4 e5 2. Nf3 Nc6 3. c3 d6 4. b4 a6 5. a4 Nf6 6. h3 Be7 7. d3 O-O 8. g4 d5 9.
Nbd2 dxe4 10. Nxe4 Nxe4 11. dxe4 Qxd1+ 12. Kxd1 Be6 13. Bg5 Bb3+ 14. Kc1 Bxg5+
15. Kb2 Be6 16. Nxg5 Rfe8 17. f3 Rad8 18. b5 Nb8 19. Nxe6 Rxe6 20. Bc4 Rd2+ 21.
Kb3 Red6 22. Ra2 axb5 23. axb5 Rxa2 24. Kxa2 Rd2+ 25. Kb3 Nd7 26. Ra1 g6 27.
Ra8+ Kg7 28. Rd8 Nc5+ 29. Kb4 Rxd8 30. Kxc5 Rd6 31. Bd5 b6+ 32. Kb4 f6 33. c4
Kf8 34. c5 bxc5+ 35. Kxc5 Ke7 36. Bc6 Rd3 37. Bd5 Rxf3 38. Kc6 Kd8 39. Be6 Rxh3
40. g5 Rc3+ 41. Kb7 fxg5 42. Bg8 h6 43. Bh7 g4 44. Bxg6 g3 45. Bh5 g2 {White
resigns} 0-1

[Event "FICS rated blitz game"]
[Site "FICS freechess.org"]
[Date "2018.01.25"]
[Round "?"]
[White "Salaspils"]
[Black "Yaku"]
[Result "1-0"]
[WhiteElo "1300"]
[BlackElo "1318"]
[PlyCount "39"]
[EventDate "2018.??.??"]
[EventType "blitz"]

1. e4 e5 2. Nf3 Nc6 3. c3 Nf6 4. Bd3 Bc5 5. h3 O-O 6. Bc4 d5 7. exd5 Nxd5 8.
O-O e4 9. Nh2 h6 10. b4 Bb6 11. a4 a6 12. a5 Ba7 13. Qh5 Nf6 14. Qe2 Ne5 15.
Na3 Nxc4 16. Nxc4 Be6 17. Ne3 Bd7 18. Qd1 Bc6 19. Bb2 Nh5 20. Qxh5 {Black
resigns} 1-0

[Event "FICS rated blitz game"]
[Site "FICS freechess.org"]
[Date "2018.01.25"]
[Round "?"]
[White "BiH"]
[Black "VPolevikov"]
[Result "1/2-1/2"]
[WhiteElo "1593"]
[BlackElo "1679"]
[PlyCount "85"]
[EventDate "2018.??.??"]
[EventType "blitz"]

1. e4 e5 2. Nf3 Nc6 3. c3 d6 4. d4 exd4 5. cxd4 g6 6. Nc3 Bg7 7. h3 Nge7 8. Be3
O-O 9. a3 h6 10. Bd3 f5 11. Qd2 Kh7 12. O-O fxe4 13. Nxe4 Bf5 14. Rad1 d5 15.
Ng3 Bxd3 16. Qxd3 Nf5 17. Nxf5 Rxf5 18. Rfe1 Qf6 19. Nh2 Qf7 20. g4 Nxd4 21.
Bxd4 c5 22. Bxg7 Rxf2 23. Rf1 Rxf1+ 24. Rxf1 Qxg7 25. Qxd5 Rf8 26. Rxf8 Qxf8
27. Qd7+ Kh8 28. Qxb7 Qd6 29. Kg2 Qd2+ 30. Kg3 Qd6+ 31. Kg2 Qd2+ 32. Kg1 Qe3+
33. Kg2 Qe2+ 34. Kg3 Qe5+ 35. Kg2 Qe2+ 36. Kg1 Qe3+ 37. Kg2 Qe2+ 38. Kg3 Qe5+
39. Kg2 Qe2+ 40. Kg1 Qe3+ 41. Kg2 Qe2+ 42. Kg3 Qe5+ 43. Kg2 1/2-1/2